| 000 -LEADER |
| fixed length control field |
00629cam a22002535i 4500 |
| 001 - CONTROL NUMBER |
| control field |
18381187 |
| 005 - DATE AND TIME OF LATEST TRANSACTION |
| control field |
20180828041529.0 |
| 008 - FIXED-LENGTH DATA ELEMENTS--GENERAL INFORMATION |
| fixed length control field |
141117s2014 iau 000 0 eng |
| 010 ## - LIBRARY OF CONGRESS CONTROL NUMBER |
| LC control number |
2014957125 |
| 020 ## - INTERNATIONAL STANDARD BOOK NUMBER |
| International Standard Book Number |
9781259176494 (alk. paper) |
| 020 ## - INTERNATIONAL STANDARD BOOK NUMBER |
| International Standard Book Number |
1259176495 |
| 040 ## - CATALOGING SOURCE |
| Original cataloging agency |
DLC |
| Language of cataloging |
eng |
| Transcribing agency |
DLC |
| Description conventions |
rda |
| Modifying agency |
DLC |
| 041 ## - LANGUAGE CODE |
| Language code of text/sound track or separate title |
eng |
| 042 ## - AUTHENTICATION CODE |
| Authentication code |
pcc |
| 080 ## - UNIVERSAL DECIMAL CLASSIFICATION NUMBER |
| Universal Decimal Classification number |
330.722.6 |
| 082 ## - DEWEY DECIMAL CLASSIFICATION NUMBER |
| Edition number |
330.722.6 |
| 100 1# - Rafti |
| Rafti |
62 |
| 101 ## - Shkurtesa |
| Shkurtesa |
KM |
| 245 10 - TITLE STATEMENT |
| Title |
Managerial accounting / |
| Statement of responsibility, etc |
John J. Wild, Ken W. Shaw. |
| 263 ## - PROJECTED PUBLICATION DATE |
| Projected publication date |
1412 |
| 906 ## - LOCAL DATA ELEMENT F, LDF (RLIN) |
| a |
0 |
| b |
ibc |
| c |
orignew |
| d |
2 |
| e |
epcn |
| f |
20 |
| g |
y-gencatlg |
| 942 ## - ADDED ENTRY ELEMENTS (KOHA) |
| Source of classification or shelving scheme |
|
| Item type |
Books |